Malé štáty v Európskej únii bakalárska práca

Na minha lista:
Detalhes bibliográficos
Autor principal: Gregová, Klaudia
Autor Corporativo: Fakulta medzinárodných vzťahov EU. Katedra medzinárodných politických vzťahov
Outros Autores: Rusiňák, Peter, 1985-
Formato: Livro
Idioma:eslovaco
Publicado em: Bratislava 2012
Tags: Adicionar Tag
Sem tags, seja o primeiro a adicionar uma tag!

MARC

LEADER 00000nbm a2200000 4500
001 0165461
005 20161109112012.2
041 0 |a slo 
044 |a SK 
245 1 0 |a Malé štáty v Európskej únii  |b bakalárska práca  |c Klaudia Gregová ; školiteľ: Peter Rusiňák 
264 1 |a Bratislava  |c 2012 
300 |a 40 s. 
100 1 |a Gregová, Klaudia 
700 1 |a Rusiňák, Peter, 1985- 
710 2 |a Fakulta medzinárodných vzťahov EU. Katedra medzinárodných politických vzťahov